| Tag |
First Indicator |
Second Indicator |
Subfields |
| LEADER |
00000cas a2200000L 4500 |
| 001 |
in00000021653 |
| 005 |
20151007063700.0 |
| 008 |
750901d19501956enkuu 0uuua1eng |
| 010 |
|
|
|a 55026678
|
| 035 |
|
|
|a (OCoLC)01585879
|
| 035 |
|
|
|9 AAD7985AM
|
| 040 |
|
|
|a MUL
|c MUL
|d TXA
|d UtOrBLW
|
| 049 |
|
|
|a TXAE
|
| 050 |
|
0 |
|a S3
|b .I48
|
| 092 |
|
|
|a 630.8
|b I34b
|
| 110 |
2 |
|
|a Imperial Chemical Industries, ltd.
|b Agricultural Research and Development Department.
|
| 245 |
1 |
0 |
|a Bulletin.
|
| 264 |
|
1 |
|a London,
|b [publisher not identified] ;
|c 1950-56.
|
| 300 |
|
|
|a 7 numbers :
|b illustrations ;
|c 22 cm.
|
| 336 |
|
|
|a text
|b txt
|2 rdacontent
|
| 337 |
|
|
|a unmediated
|b n
|2 rdamedia
|
| 338 |
|
|
|a volume
|b nc
|2 rdacarrier
|
| 362 |
0 |
|
|a no. 1-7.
|
| 515 |
|
|
|a L. C. set incomplete: no. 1 wanting.
|
| 550 |
|
|
|a Issued by the department under its earler name: Agricultural Development Dept.
|
| 650 |
|
0 |
|a Agriculture.
|
| 999 |
|
|
|a MARS
|
| 999 |
f |
f |
|s 26271bd3-27d0-3898-b788-02aeee211464
|i 2937f5bc-9096-39e5-94ca-69ee18238e3e
|t 0
|
| 952 |
f |
f |
|p ric
|a Texas A&M University
|b Rellis Campus
|c Joint Library Facility
|d Remote Storage
|t 0
|e S3 .I48
|h Library of Congress classification
|i unmediated -- volume
|k no.7
|l 1956
|m A14822058034
|
| 952 |
f |
f |
|p ric
|a Texas A&M University
|b Rellis Campus
|c Joint Library Facility
|d Remote Storage
|t 0
|e S3 .I48
|h Library of Congress classification
|i unmediated -- volume
|k no.5
|l 1954
|m A14801095657
|
| 998 |
f |
f |
|a S3 .I48
|s no.5,7 (1954,1956)
|t 0
|l Remote Storage
|